000 00361nam a2200157Ia 4500
008 240510s9999 xx 000 0 und d
041 _aEng
082 _a006.6
082 _bP63
245 0 _aPrintmaster plus: reference manual :version for the IBM PC
260 _c0
300 _a34 p.
650 _aPrinting : Graphics
942 _2ddc
942 _cLBK
999 _c23557
_d23557
945 _a1
_bMadushi Gamage
_c1
_dMadushi Gamage